Chủ quyền biển đảo và biên giới trên đất liền Việt Nam - Trung Quốc tiến tới vì hòa bình, ổn định, hữu nghị, hợp tác, phát triển

שמור ב:
מידע ביבליוגרפי
מחבר ראשי: Quí, Lâm (Tuyển chọn)
פורמט: ספר
יצא לאור: Hà Nội Hồng Đức 2016
נושאים:
תגים: הוספת תג
אין תגיות, היה/י הראשונ/ה לתייג את הרשומה!
Thư viện lưu trữ: Trung tâm Học liệu Lê Vũ Hùng, Trường Đại học Đồng Tháp
LEADER 01145pam a22003498a 4500
001 00040051
005 20171026081025.0
008 170918s2016 ||||||Viesd
020 # # |c 350000  |a 9786048697525 
041 0 # |a Vie 
082 1 4 |a 320.120 959 7  |b CH500QU 
100 1 # |a Quí, Lâm  |e Tuyển chọn 
245 1 0 |a Chủ quyền biển đảo và biên giới trên đất liền Việt Nam - Trung Quốc tiến tới vì hòa bình, ổn định, hữu nghị, hợp tác, phát triển  |c Quí Lâm (tuyển chọn) 
260 # # |a Hà Nội  |b Hồng Đức  |c 2016 
300 # # |a 419 tr.  |c 27 cm. 
653 # # |a Biển đảo 
653 # # |a Chủ quyền 
653 # # |a Việt Nam 
653 # # |a Trung Quốc 
653 # # |a Phát triển 
653 # # |a Hợp tác 
852 # # |j KM.0023135  |j KD.0022372 
852 # # |b Kho đọc  |j KD.0022372 
852 # # |b Kho mượn  |j KM.0023135 
910 0 # |d 18/09/2017 
980 # # |a Trung tâm Học liệu Lê Vũ Hùng, Trường Đại học Đồng Tháp